| 000 | 00587nam a2200205 a 4500 | ||
|---|---|---|---|
| 001 | 2552 | ||
| 003 | CDMR | ||
| 005 | 20260515062531.0 | ||
| 008 | 130130s1990||||||||||||||||||||||||||||d | ||
| 020 | _a8440463103 | ||
| 040 |
_aCDMR _bcat _cCPC GIRONA |
||
| 100 | 1 |
_aGeli, Carles _9781 |
|
| 245 | 1 | 4 |
_aLes tres vides de Destino _cCarles Geli, J.M. Huertas |
| 250 | _a2a ed. | ||
| 260 |
_bDiputació de Barcelona _aBarcelona |
||
| 260 |
_c1990 _bCol.legi de Periodistes de Catalunya |
||
| 490 | 0 |
_aVaixells de Paper _v7 |
|
| 700 | 1 |
_aHuertas, Josep Maria _d1939-2007 _928 |
|
| 942 |
_cMON _2udc |
||
| 999 |
_c2552 _d2552 |
||